Musée Guimet : conférences du dimanche en 1936 conférences du dimanche en 1936
Descripción Física:
full ; 24 x 14 cm
Materias:
Fons Joan Junyer i Pascual (1909-1994)
Idioma:
Catalán , French
MARC
| LEADER | 00000nam a2200000 a 4500 | ||
|---|---|---|---|
| 001 | 29217 | ||
| 003 | AGDB | ||
| 005 | 20260324181543.0 | ||
| 008 | 260109b spa||||| |||| 00| 0 cat d | ||
| 040 | |a agdb |b cat | ||
| 041 | |a fre | ||
| 245 | |a Musée Guimet : |b conférences du dimanche en 1936 | ||
| 260 | |a Paris : |b Imprimerie Nationale, |c 1935 | ||
| 300 | |a full ; |c 24 x 14 cm | ||
| 500 | |a Prové del fons Joan Junyer i Pascual (1909-1994) | ||
| 650 | |a Fons Joan Junyer i Pascual (1909-1994) |9 72777 | ||
| 942 | |2 udc |c ARXIU |n 1 | ||
| 952 | |0 0 |1 0 |2 udc |4 0 |6 F504310 |7 1 |9 98905 |a Arxiu |b Arxiu |d 2026-01-09 |l 0 |o F-504-310 |p 29217 |r 2026-01-09 12:54:34 |w 2026-01-09 |y ARXIU | ||
| 999 | |c 130573 |d 130573 | ||